世界の100万都市 - Statistics

General Stats
  • This quiz has been taken 1,072 times
  • The average score is 92 of 457
Answer Stats
順位 都市名 人口 % Correct
4 北京 18,960,744 中華人民共和国
95%
1 上海 21,909,814 中華人民共和国
93%
22 東京 9,733,276 日本
90%
2 デリー 21,359,000 インド
88%
13 モスクワ 13,010,112 ロシア
83%
135 大阪 2,752,412 日本
83%
26 ソウル 9,586,195 韓国
80%
40 香港 7,413,070 香港
79%
94 横浜 3,777,491 日本
78%
9 イスタンブール 15,907,951 トルコ
77%
35 ニューヨーク 8,467,513 アメリカ
77%
165 名古屋 2,332,176 日本
77%
196 札幌 1,973,395 日本
77%
33 ロンドン 8,888,608 イギリス
76%
251 福岡 1,612,392 日本
76%
21 カイロ 10,100,166 エジプト
74%
145 台北 2,602,418 台湾
73%
34 メキシコシティ 8,843,706 メキシコ
72%
45 リオデジャネイロ 6,625,849 ブラジル
72%
17 ジャカルタ 10,562,088 インドネシア
70%
95 ベルリン 3,735,164 ドイツ
70%
278 京都 1,463,723 日本
69%
398 仙台 1,096,704 日本
69%
27 重慶 9,580,810 中華人民共和国
68%
60 シドニー 5,231,147 オーストラリア
68%
348 広島 1,200,754 日本
67%
15 サンパウロ 12,200,180 ブラジル
66%
51 バンコク 5,666,264 タイ
66%
122 ブラジリア 2,923,369 ブラジル
66%
265 神戸 1,525,152 日本
66%
62 アンカラ 5,186,002 トルコ
65%
90 ロサンゼルス 3,849,297 アメリカ
65%
127 ローマ 2,872,800 イタリア
65%
50 シンガポール 5,685,807 シンガポール
64%
174 パリ 2,206,488 フランス
64%
311 さいたま 1,324,025 日本
64%
104 釜山 3,349,016 韓国
63%
105 マドリード 3,305,408 スペイン
63%
39 南京 7,519,814 中華人民共和国
62%
99 ハノイ 3,605,364 ベトナム
62%
264 川崎 1,538,262 日本
62%
12 ムンバイ 13,127,825 インド
61%
19 ダッカ 10,278,882 バングラデシュ
60%
211 マニラ 1,846,513 フィリピン
60%
7 広州 16,096,724 中華人民共和国
59%
32 テヘラン 9,039,000 イラン
59%
54 サンクトペテルブルク 5,601,911 ロシア
58%
65 メルボルン 5,031,195 オーストラリア
58%
455 イスラマバード 1,009,832 パキスタン
58%
42 ホーチミン 7,004,921 ベトナム
57%
112 平壌 3,038,000 北朝鮮
57%
24 リマ 9,674,800 ペルー
56%
119 キエフ 2,952,301 ウクライナ
56%
43 リヤド 6,924,566 サウジアラビア
55%
6 キンシャサ 16,316,000 コンゴ民主共和国
54%
18 武漢 10,494,879 中華人民共和国
54%
111 ブエノスアイレス 3,120,612 アルゼンチン
53%
68 ケープタウン 4,772,846 南アフリカ
52%
106 ドバイ 3,291,166 アラブ首長国連邦
52%
139 シカゴ 2,696,555 アメリカ
52%
3 カラチ 20,382,881 パキスタン
51%
44 バグダッド 6,719,476 イラク
51%
415 オタワ 1,068,821 カナダ
51%
16 天津 11,052,404 中華人民共和国
50%
245 バルセロナ 1,636,193 スペイン
50%
74 ナイロビ 4,397,073 ケニア
49%
5 深圳 17,444,609 中華人民共和国
48%
193 クアラルンプール 1,982,112 マレーシア
48%
131 トロント 2,794,356 カナダ
46%
133 高雄 2,765,932 台湾
46%
297 ミラノ 1,366,180 イタリア
46%
48 コルカタ 6,112,874 インド
45%
207 台南 1,874,917 台湾
45%
8 ラゴス 15,946,000 ナイジェリア
43%
28 西安 9,392,938 中華人民共和国
43%
124 アルジェ 2,902,000 アルジェリア
43%
268 ミュンヘン 1,505,254 ドイツ
43%
61 サンティアゴ 5,220,161 チリ
42%
66 大連 4,913,879 中華人民共和国
42%
121 仁川 2,945,454 韓国
42%
129 台中 2,820,787 台湾
42%
191 ウィーン 2,006,134 オーストリア
42%
210 ワルシャワ 1,860,281 ポーランド
42%
29 杭州 9,236,032 中華人民共和国
41%
47 青島 6,165,279 中華人民共和国
41%
11 成都 13,568,357 中華人民共和国
40%
161 メッカ 2,385,509 サウジアラビア
40%
328 アブダビ 1,266,189 アラブ首長国連邦
40%
59 ハルビン 5,242,897 中華人民共和国
39%
69 ヤンゴン 4,728,524 ミャンマー
39%
223 ブダペスト 1,752,704 ハンガリー
39%
67 ヨハネスブルグ 4,803,262 南アフリカ
38%
82 プレトリア 4,040,315 南アフリカ
38%
138 キト 2,735,987 エクアドル
38%
228 モントリオール 1,704,694 カナダ
38%
37 ボゴタ 7,936,500 コロンビア
37%
101 アディスアベバ 3,480,229 エチオピア
37%
142 バクー 2,616,948 アゼルバイジャン
37%
176 パース 2,192,229 オーストラリア
37%
73 カブール 4,434,600 アフガニスタン
36%
92 アブジャ 3,840,000 ナイジェリア
36%
169 プノンペン 2,281,951 カンボジア
36%
279 ウランバートル 1,466,431 モンゴル
36%
58 アレクサンドリア 5,263,542 エジプト
35%
168 ヒューストン 2,288,250 アメリカ
35%
181 ダマスカス 2,103,000 シリア
34%
10 バンガロール 14,254,786 インド
33%
206 ハンブルク 1,888,879 ドイツ
32%
212 ブカレスト 1,819,419 ルーマニア
32%
213 アンマン 1,812,059 ヨルダン
32%
319 プラハ 1,294,513 チェコ共和国
32%
103 カサブランカ 3,359,818 モロッコ
31%
158 大邱 2,410,700 韓国
31%
231 ベオグラード 1,685,563 セルビア
31%
257 フィラデルフィア 1,576,251 アメリカ
31%
321 ダラス 1,288,457 アメリカ
31%
89 ウルムチ 3,864,136 中華人民共和国
30%
70 厦門 4,617,251 中華人民共和国
29%
243 ベイルート 1,650,000 レバノン
29%
248 オークランド 1,628,900 ニュージーランド
29%
276 光州 1,477,573 韓国
29%
308 アスタナ 1,340,782 カザフスタン
29%
337 ソフィア 1,236,047 ブルガリア
29%
400 ンジャメナ 1,092,000 チャド
29%
56 ダルエスサラーム 5,383,728 タンザニア
28%
186 カラカス 2,089,012 ベネズエラ
28%
192 ミンスク 1,995,471 ベラルーシ
28%
20 ハイデラバード 10,269,000 インド
27%
97 福州 3,723,454 中華人民共和国
27%
118 タシケント 2,956,384 ウズベキスタン
27%
179 ハバナ 2,132,183 キューバ
27%
195 ハルツーム 1,974,647 スーダン
27%
225 ハイデラバード 1,734,309 パキスタン
27%
294 サンディエゴ 1,381,611 アメリカ
27%
14 ラホール 13,004,135 パキスタン
26%
30 ルアンダ 9,079,800 アンゴラ
26%
149 ブリスベン 2,568,927 オーストラリア
26%
72 長春 4,557,356 中華人民共和国
25%
141 ダカール 2,646,503 セネガル
25%
167 アクラ 2,291,352 ガーナ
25%
295 モンテビデオ 1,380,432 ウルグアイ
25%
23 チェンナイ 9,722,974 インド
24%
83 新北 4,030,954 台湾
23%
120 イズミル 2,948,160 トルコ
23%
171 桃園 2,268,807 台湾
23%
271 大田 1,488,435 韓国
23%
326 アンタナナリボ 1,274,225 マダガスカル
23%
365 トリポリ 1,176,000 リビア
23%
373 ネピドー 1,160,242 ミャンマー
23%
41 瀋陽 7,026,358 中華人民共和国
21%
49 蘇州 5,892,892 中華人民共和国
21%
57 昆明 5,273,144 中華人民共和国
21%
194 ブラザビル 1,982,000 コンゴ共和国
21%
199 イスファハーン 1,961,260 イラン
21%
96 寧波 3,731,203 中華人民共和国
20%
172 カリ 2,250,800 コロンビア
20%
403 ケルン 1,084,858 ドイツ
20%
405 トビリシ 1,082,400 ジョージア
20%
134 ヤウンデ 2,765,600 カメルーン
19%
287 メディナ 1,411,599 サウジアラビア
19%
314 アデレード 1,313,927 オーストラリア
19%
53 アビジャン 5,616,633 コートジボワール
18%
75 ギザ 4,367,343 エジプト
18%
98 ジッダ 3,712,917 サウジアラビア
18%
152 バンドン 2,527,854 インドネシア
18%
166 モガディシュ 2,330,700 ソマリア
18%
178 アルマトイ 2,147,113 カザフスタン
18%
249 フェニックス 1,624,569 アメリカ
18%
409 エレバン 1,077,600 アルメニア
18%
63 石家荘 5,090,440 中華人民共和国
17%
79 バマコ 4,227,569 マリ
17%
151 サナア 2,545,000 イエメン
17%
205 洛陽 1,892,500 中華人民共和国
17%
235 モンロビア 1,678,000 リベリア
17%
310 ヌアクショット 1,324,700 モーリタニア
17%
381 バーミンガム 1,137,123 イギリス
17%
224 キガリ 1,745,555 ルワンダ
16%
318 カルガリー 1,306,784 カナダ
16%
52 長沙 5,630,256 中華人民共和国
15%
148 サントドミンゴ 2,581,827 ドミニカ共和国
15%
187 マナウス 2,054,731 ブラジル
15%
234 カンパラ 1,680,600 ウガンダ
15%
261 エカテリンブルク 1,544,376 ロシア
15%
389 ビシュケク 1,120,827 キルギス
15%
440 チチハル 1,029,522 中華人民共和国
15%
107 チッタゴン 3,227,246 バングラデシュ
14%
116 スラバヤ 2,972,801 インドネシア
14%
147 温州 2,582,017 中華人民共和国
14%
153 ルサカ 2,526,100 ザンビア
14%
163 海口 2,349,239 中華人民共和国
14%
182 アレッポ 2,100,000 シリア
14%
282 ハリコフ 1,450,082 ウクライナ
14%
316 カザン 1,308,660 ロシア
14%
383 蔚山 1,135,423 韓国
14%
444 ニアメ 1,026,848 ニジェール
14%
55 済南 5,452,335 中華人民共和国
13%
64 合肥 5,055,978 中華人民共和国
13%
162 フフホト 2,373,399 中華人民共和国
13%
177 ロメ 2,188,376 トーゴ
13%
241 コナクリ 1,660,973 ギニア
13%
273 ハラレ 1,485,231 ジンバブエ
13%
394 マプト 1,101,170 モザンビーク
13%
443 ヴォルゴグラード 1,028,036 ロシア
13%
46 鄭州 6,461,013 中華人民共和国
12%
80 ジャイプル 4,067,826 インド
12%
113 蘭州 3,012,577 中華人民共和国
12%
117 ケソンシティ 2,960,048 フィリピン
12%
154 ワガドゥグー 2,485,600 ブルキナファソ
12%
258 アグラ 1,574,542 インド
12%
386 オムスク 1,125,695 ロシア
12%
433 サンノゼ 1,035,317 アメリカ
12%
71 南寧 4,582,703 中華人民共和国
11%
77 太原 4,303,673 中華人民共和国
11%
78 ダーバン 4,239,901 南アフリカ
11%
143 メデジン 2,611,100 コロンビア
11%
170 グアヤキル 2,278,691 エクアドル
11%
247 ノヴォシビルスク 1,633,595 ロシア
11%
259 シーラーズ 1,565,572 イラン
11%
260 タブリーズ 1,558,693 イラン
11%
277 泉州 1,469,157 中華人民共和国
11%
293 グアダラハラ 1,385,621 メキシコ
11%
340 リロングウェ 1,227,100 マラウイ
11%
345 水原 1,210,150 韓国
11%
420 マナグア 1,058,191 ニカラグア
11%
434 アスマラ 1,035,000 エリトリア
11%
452 エドモントン 1,010,899 カナダ
11%
76 カノ 4,348,000 ナイジェリア
10%
84 貴陽 4,021,275 中華人民共和国
10%
87 汕頭 3,890,169 中華人民共和国
10%
417 テグシガルパ 1,065,600 ホンジュラス
10%
25 東莞 9,644,871 中華人民共和国
9%
36 アーメダバード 8,253,226 インド
9%
85 無錫 3,956,985 中華人民共和国
9%
114 マシュハド 3,001,184 イラン
9%
157 メダン 2,435,252 インドネシア
9%
215 大同 1,809,505 中華人民共和国
9%
220 アダナ 1,779,463 トルコ
9%
222 マラカイボ 1,752,602 ベネズエラ
9%
281 サンアントニオ 1,451,853 アメリカ
9%
313 コルドバ 1,317,298 アルゼンチン
9%
342 マンダレー 1,225,546 ミャンマー
9%
374 銀川 1,159,457 中華人民共和国
9%
453 オデーサ 1,010,537 ウクライナ
9%
86 プネ 3,891,823 インド
8%
88 イバダン 3,875,000 ナイジェリア
8%
100 南昌 3,518,975 中華人民共和国
8%
123 クマシ 2,907,000 ガーナ
8%
188 ブルサ 2,051,464 トルコ
8%
217 煙台 1,802,700 中華人民共和国
8%
236 西寧 1,677,177 中華人民共和国
8%
238 パレンバン 1,668,848 インドネシア
8%
267 吉林 1,509,292 中華人民共和国
8%
286 ゴイアニア 1,414,483 ブラジル
8%
290 ポルトアレグレ 1,404,269 ブラジル
8%
301 桂林 1,361,244 中華人民共和国
8%
307 バスラ 1,340,827 イラク
8%
312 アンタルヤ 1,322,766 トルコ
8%
346 バラナシ 1,201,815 インド
8%
357 チェリャビンスク 1,189,525 ロシア
8%
379 モンテレー 1,142,952 メキシコ
8%
93 ラクナウ 3,790,274 インド
7%
102 ポートハーコート 3,480,000 ナイジェリア
7%
110 常州 3,187,315 中華人民共和国
7%
115 南通 2,987,600 中華人民共和国
7%
128 徐州 2,845,552 中華人民共和国
7%
132 ドゥアラ 2,768,400 カメルーン
7%
150 唐山 2,549,968 中華人民共和国
7%
159 オムドゥルマン 2,395,159 スーダン
7%
202 サンタクルス 1,903,398 ボリビア
7%
253 キサンガニ 1,602,144 コンゴ民主共和国
7%
270 レシフェ 1,494,586 ブラジル
7%
299 コンヤ 1,365,287 トルコ
7%
300 モスル 1,361,819 イラク
7%
341 ニジニノヴゴロド 1,226,076 ロシア
7%
378 ウファ 1,144,809 ロシア
7%
38 スーラト 7,567,538 インド
6%
126 ナーグプル 2,886,562 インド
6%
130 ルブンバシ 2,812,000 コンゴ民主共和国
6%
156 インドール 2,463,588 インド
6%
160 ベロオリゾンテ 2,392,678 ブラジル
6%
173 珠海 2,207,090 中華人民共和国
6%
180 包頭 2,104,114 中華人民共和国
6%
256 レオン 1,579,803 メキシコ
6%
275 鞍山 1,480,332 中華人民共和国
6%
284 マカッサル 1,423,877 インドネシア
6%
296 ベレン 1,367,336 ブラジル
6%
305 台州 1,348,327 中華人民共和国
6%
360 クラスノヤルスク 1,187,771 ロシア
6%
31 佛山 9,042,509 中華人民共和国
5%
91 中山 3,841,873 中華人民共和国
5%
108 ファイサラーバード 3,204,726 パキスタン
5%
109 カーンプル 3,203,932 インド
5%
125 ムブジマイ 2,892,000 コンゴ民主共和国
5%
144 サルヴァドール 2,610,987 ブラジル
5%
197 ペシャワール 1,970,042 パキスタン
5%
200 ベニンシティ 1,953,000 ナイジェリア
5%
201 保定 1,940,384 中華人民共和国
5%
209 クリチバ 1,871,789 ブラジル
5%
229 スマラン 1,688,133 インドネシア
5%
232 パトナ 1,683,200 インド
5%
339 撫順 1,228,890 中華人民共和国
5%
352 開封 1,193,802 中華人民共和国
5%
361 フェズ 1,187,000 モロッコ
5%
380 ロストフナドヌ 1,142,162 ロシア
5%
397 クラスノダール 1,099,344 ロシア
5%
410 揚州 1,077,531 中華人民共和国
5%
419 サンルイス 1,061,374 ブラジル
5%
136 淄博 2,750,312 中華人民共和国
4%
137 臨沂 2,743,843 中華人民共和国
4%
146 フォルタレーザ 2,596,157 ブラジル
4%
164 紹興 2,333,080 中華人民共和国
4%
185 恵州 2,090,578 中華人民共和国
4%
214 ティフアナ 1,810,645 メキシコ
4%
230 咸陽 1,686,403 中華人民共和国
4%
252 大慶 1,604,027 中華人民共和国
4%
262 プエブラ 1,542,232 メキシコ
4%
283 ダヴァオ 1,436,085 フィリピン
4%
285 泰安 1,416,591 中華人民共和国
4%
303 塩城 1,353,475 中華人民共和国
4%
317 茂名 1,307,802 中華人民共和国
4%
331 潮州 1,254,007 中華人民共和国
4%
347 コム 1,201,158 イラン
4%
354 咸陽 1,192,776 中華人民共和国
4%
366 サマラ 1,173,299 ロシア
4%
421 ヴォロネジ 1,057,681 ロシア
4%
429 ボゴール 1,043,070 インドネシア
4%
442 カルタヘナ 1,028,736 コロンビア
4%
175 柳州 2,204,841 中華人民共和国
3%
183 ラーワルピンディー 2,098,231 パキスタン
3%
184 邯鄲 2,095,134 中華人民共和国
3%
208 ムルタン 1,871,843 パキスタン
3%
219 江門 1,795,459 中華人民共和国
3%
226 ビシャーカパトナム 1,730,320 インド
3%
233 ガズィアンテプ 1,680,723 トルコ
3%
266 秦皇島 1,520,199 中華人民共和国
3%
269 シウダーファレス 1,501,551 メキシコ
3%
292 ダンマーム 1,386,166 サウジアラビア
3%
322 ラージコート 1,286,995 インド
3%
336 淮南 1,238,488 中華人民共和国
3%
343 バランキージャ 1,224,000 コロンビア
3%
364 シムケント 1,184,113 カザフスタン
3%
375 バルキシメト 1,159,062 ベネズエラ
3%
384 アムリトサル 1,132,761 インド
3%
392 宝鶏 1,107,702 中華人民共和国
3%
396 常徳 1,100,719 中華人民共和国
3%
399 赤峰 1,093,068 中華人民共和国
3%
402 タンジール 1,087,000 モロッコ
3%
404 湖州 1,083,953 中華人民共和国
3%
418 コインバトール 1,061,447 インド
3%
439 商丘 1,031,123 中華人民共和国
3%
441 昌原 1,029,389 韓国
3%
445 錦州 1,021,478 中華人民共和国
3%
448 マドゥライ 1,016,885 インド
3%
449 信陽 1,014,843 中華人民共和国
3%
456 アレキパ 1,002,846 ペルー
3%
457 コタ 1,001,365 インド
3%
81 エクルレニ 4,066,691 南アフリカ
2%
140 ガジプル 2,674,697 バングラデシュ
2%
155 ブカシ 2,468,448 インドネシア
2%
189 濰坊 2,044,028 中華人民共和国
2%
198 アルハルツームバフリ 1,968,601 スーダン
2%
203 タンゲラン 1,895,486 インドネシア
2%
218 ボパール 1,795,648 インド
2%
227 ピンプリチンチワッド 1,729,359 インド
2%
239 バドダラ 1,666,703 インド
2%
240 カローカン 1,661,584 フィリピン
2%
254 蕪湖 1,598,165 中華人民共和国
2%
255 カラジ 1,592,492 イラン
2%
274 義烏 1,481,384 中華人民共和国
2%
288 南陽 1,407,616 中華人民共和国
2%
302 南タンゲラン 1,354,350 インドネシア
2%
315 メーラト 1,309,023 インド
2%
323 オニチャ 1,285,000 ナイジェリア
2%
325 シャルジャ 1,274,749 アラブ首長国連邦
2%
334 掲陽 1,242,906 中華人民共和国
2%
338 常熟 1,230,599 中華人民共和国
2%
356 ネルソンマンデラベイ 1,190,496 南アフリカ
2%
358 嘉興 1,188,321 中華人民共和国
2%
362 衡陽 1,185,130 中華人民共和国
2%
363 アフワーズ 1,184,788 イラン
2%
369 カンピナス 1,170,247 ブラジル
2%
376 カドゥナ 1,158,000 ナイジェリア
2%
388 鎮江 1,123,813 中華人民共和国
2%
401 ディヤルバクル 1,087,786 トルコ
2%
406 宿遷 1,081,559 中華人民共和国
2%
416 龍仁 1,066,975 韓国
2%
422 張家港 1,055,893 中華人民共和国
2%
428 高陽 1,045,497 韓国
2%
430 金華 1,040,948 中華人民共和国
2%
436 ジョードプル 1,033,918 インド
2%
451 瑞安 1,012,731 中華人民共和国
2%
458 クエッタ 1,001,205 パキスタン
2%
190 グジュルーンワラ 2,027,001 パキスタン
1%
204 デポック 1,893,321 インドネシア
1%
216 淮陰 1,804,611 中華人民共和国
1%
221 贛州 1,778,132 中華人民共和国
1%
237 淳義 1,675,245 中華人民共和国
1%
242 昆山 1,652,159 中華人民共和国
1%
244 エカテペック 1,643,623 メキシコ
1%
246 ガーズィヤーバード 1,636,068 インド
1%
250 ルディアナ 1,613,878 インド
1%
263 莆田市 1,539,389 中華人民共和国
1%
272 ナシック 1,486,973 インド
1%
280 慈渓 1,457,510 中華人民共和国
1%
289 ファリーダーバード 1,404,653 インド
1%
291 張江 1,400,709 中華人民共和国
1%
298 グアルーリョス 1,383,272 ブラジル
1%
304 棗荘 1,349,883 中華人民共和国
1%
306 上饒 1,342,220 中華人民共和国
1%
309 江陰 1,331,352 中華人民共和国
1%
320 菏沢 1,293,767 中華人民共和国
1%
324 宜昌市 1,284,305 中華人民共和国
1%
327 新郷 1,271,350 中華人民共和国
1%
329 サポパン 1,257,547 メキシコ
1%
330 南充 1,254,455 中華人民共和国
1%
332 ブカブ 1,249,000 コンゴ民主共和国
1%
333 カリヤーンドンビヴリ 1,246,381 インド
1%
335 ショブラエルケイマ 1,240,289 エジプト
1%
344 バサイヴィラール 1,221,233 インド
1%
349 清遠 1,197,581 中華人民共和国
1%
351 バタム 1,196,396 インドネシア
1%
353 シュリーナガル 1,192,792 インド
1%
355 富陽 1,191,810 中華人民共和国
1%
359 安養 1,187,772 中華人民共和国
1%
367 晋江 1,172,827 中華人民共和国
1%
368 オーランガバード 1,171,330 インド
1%
370 カナンガ 1,169,000 コンゴ民主共和国
1%
371 バンダルランプン 1,166,066 インドネシア
1%
372 ダンバード 1,161,561 インド
1%
377 日照 1,147,175 中華人民共和国
1%
382 達州 1,135,817 中華人民共和国
1%
385 蘆州 1,128,479 中華人民共和国
1%
387 岳陽 1,125,448 中華人民共和国
1%
390 ナビムンバイ 1,119,477 インド
1%
393 ムワンザ 1,104,521 タンザニア
1%
395 宜賓 1,100,737 中華人民共和国
1%
407 万州 1,078,149 中華人民共和国
1%
408 蚌埠 1,077,704 中華人民共和国
1%
411 ランチ 1,073,440 インド
1%
412 ネサワルコヨトル 1,072,676 メキシコ
1%
413 ハウラー 1,072,161 インド
1%
414 魯安 1,069,940 中華人民共和国
1%
423 ジャバルプル 1,054,336 インド
1%
425 ヴィジャヤワダ 1,048,240 インド
1%
426 長治 1,047,461 中華人民共和国
1%
427 平頂山 1,045,966 中華人民共和国
1%
431 メルシン 1,040,507 トルコ
1%
432 肇慶 1,035,810 中華人民共和国
1%
435 パーマ 1,034,002 ロシア
1%
437 マトラ 1,032,197 モザンビーク
1%
438 ポワントノワール 1,032,000 コンゴ共和国
1%
446 ツィカパ 1,020,468 コンゴ民主共和国
1%
447 聊城 1,020,430 中華人民共和国
1%
454 ライプール 1,010,087 インド
1%
391 プラヤグラジ 1,117,094 インド
0%
424 グワリエル 1,053,505 インド
0%
450 余姚 1,013,866 中華人民共和国
0%
No matching quizzes found
Score Distribution
Percent of People with Each Score
Percentile by Number Answered
Your Score History
You have not taken this quiz